000 00321nam a2200145Ia 4500
100 _aD.G.E.T. Minstry (Cimi)
650 _aFitter
490 _vITI
942 _cBK
654 _aFitter
245 _aFitter 1st Year Trade Practicals
260 _bWiley eastern
_aNEW DELHI
_c1993
300 _a408
546 _aENGLISH
999 _c32040
_d32040